Vplyv udržateľného rozvoja na výkony svetových krajín v cestovnom ruchu

Udržateľnosť v cestovnom ruchu je v posledných rokoch jednou z najdiskutovanejších tém. V príspevku bol meraný trvalo udržateľný rozvoj indexom TTDI, ktorý zahŕňa aj piliere udržateľnosti. Výkony reprezentovali príjazdy zahraničných turistov a ich výdavky. Môžeme konštatovať, že medzi trvalo udržate...

Full description

Saved in:
Bibliographic Details
Main Author: Rakický, Tomáš
Other Authors: Čukanová, Miroslava, 1984-, Gáll, Jozef, 1991-
Format: Book Chapter
Language:Slovak
Subjects:
Tags: Add Tag
No Tags, Be the first to tag this record!

MARC

LEADER 00000naa a2200000 4500
001 0303289
005 20240801081831.6
041 0 |a slo 
044 |a SK 
245 1 0 |a Vplyv udržateľného rozvoja na výkony svetových krajín v cestovnom ruchu  |c Tomáš Rakický, Miroslava Čukanová, Jozef Gáll 
520 |a Udržateľnosť v cestovnom ruchu je v posledných rokoch jednou z najdiskutovanejších tém. V príspevku bol meraný trvalo udržateľný rozvoj indexom TTDI, ktorý zahŕňa aj piliere udržateľnosti. Výkony reprezentovali príjazdy zahraničných turistov a ich výdavky. Môžeme konštatovať, že medzi trvalo udržateľným rozvojom a výkonnosťou cestovného ruchu v krajinách sveta existuje veľká závislosť. V ďalšej časti sme použili index TSDI, ktorý meria aj trvalo udržateľný rozvoj krajiny. Tentokrát sme sa však zamerali na krajiny Európskej únie, keďže sa zaviazali plniť ciele Agendy 2030, ktorej cieľom je urobiť z Európskej únie udržateľné miesto. Výsledky ukázali, že existuje silný vzťah medzi skóre indexu TSDI krajiny a medzinárodnými výdavkami turistov. Dá sa povedať, že je dôležité, aby krajina investovala do trvalo udržateľného rozvoja, pretože to zvyšuje prílev zahraničných turistov a ich peňazí. 
610 2 0 |a ruch cestovný 
610 2 0 |a inovácia 
610 2 0 |a udržateľnosť 
610 2 0 |a rozvoj trvalo udržateľný 
100 1 |a Rakický, Tomáš 
700 1 |a Čukanová, Miroslava, 1984- 
700 1 |a Gáll, Jozef, 1991-